Rozpoznaj państwa po kształtach #4 - Statystyki

Ogólne statystyki
  • Ten quiz został rozwiązany 9 729 razy
  • Średni wynik to 10 z 16
Statystyki odpowiedzi
Obrazkowy Odpowiedź % Poprawnych
Wietnam
91%
Maroko
89%
Rumunia
82%
Algieria
81%
Białoruś
79%
Bośnia i Hercegowina
77%
Łotwa
71%
Sudan
71%
Mołdawia
66%
Korea Południowa
56%
Nigeria
53%
Słowenia
50%
Kamerun
49%
Paragwaj
44%
Armenia
37%
Urugwaj
28%
Nie znaleziono quizów pasujących do podanych kryteriów
Rozkład punktacji
Procent ludzi z każdym wynikiem
Percentyl według liczby udzielonych odpowiedzi
Twoja historia wyników
Nie rozwiązałeś tego quizu